Con sordina

Saved in:
書目詳細資料
主要作者: Prieto, Jenaro (Author)
格式: 圖書
語言:西班牙语
出版: Santiago Nascimento 1931
版:6a. ed
主題:
標簽: 添加標簽
沒有標簽, 成為第一個標記此記錄!

MARC

LEADER 00000nam a2200000 a 4500
001 UCP1914
003 CL-VaPUC
008 990426e19310000CL |||||||||||||||||spa|d
082 0 4 |a Ch867  |b PRI  |2 21 
100 0 |a Prieto, Jenaro  |e author  |9 371593 
245 1 0 |a Con sordina 
250 |a 6a. ed 
300 |a 324 p 
942 |c BK 
945 |d 19990426 00:00:00  |a lriquelm 
260 |a Santiago  |b Nascimento  |c 1931 
650 0 |a Cuentos chilenos   |9 308280 
650 0 |a Política  |9 255312 
650 7 |a SATIRA POLITICA  |2 CL-VaPUC  |9 330270 
650 0 |a Literatura chilena   |9 308278 
583 |a last modification  |c 19990426 00:00:00  |k Rodrigo Vera 
999 |c 280543  |d 280541 
952 |0 0  |1 0  |4 0  |6 CH_867_000000000000000_PRI_1931  |7 0  |8 A  |9 320885  |a BIBEDU  |b BIBEDU  |d 2019-11-20  |i 1338390  |o Ch867 PRI 1931  |p 1338390  |r 2019-11-20  |w 2019-11-20  |y BK  |k LIT